| 000 | 01723cam a22004574a 4500 | ||
|---|---|---|---|
| 001 | muse86571 | ||
| 003 | MdBmJHUP | ||
| 005 | 20210127151717.0 | ||
| 006 | m o d | ||
| 007 | cr||||||||nn|n | ||
| 008 | 741202s1975 ncu o 00 0 eng d | ||
| 010 | _z 74031031 | ||
| 020 | _a9781469657639 | ||
| 020 | _z0807880833 | ||
| 020 | _z9781469657622 | ||
| 035 | _a(OCoLC)1151247088 | ||
| 040 |
_aMdBmJHUP _cMdBmJHUP |
||
| 050 | 0 | 4 |
_aPT1729.G83 _bG435 |
| 082 | 0 | _a831/.5 | |
| 100 | 1 |
_aKimmich, Flora, _d1939- |
|
| 245 | 1 | 0 |
_aSonnets of Catharina von Greiffenberg _bMethods of Composition / _cby Flora Kimmich. |
| 264 | 1 | _bUniversity of North Carolina Press, | |
| 264 | 3 | _bProject MUSE, | |
| 300 | _a1 online resource (vii, 132 p. p. 130-132 advertisements) | ||
| 490 | 0 | _aUniversity of North Carolina studies in the Germanic languages and literatures ; no. 83 | |
| 500 | _aIncludes index. | ||
| 504 | _aBibliography: p. 123-125. | ||
| 506 | 0 |
_aOpen Access _fUnrestricted online access _2star |
|
| 588 | _aDescription based on print version record. | ||
| 600 | 1 | 1 |
_aGryphius, Andreas, _d1616-1664. _tSonnets. |
| 600 | 1 | 1 |
_aGreiffenberg, Catharina Regina von, _d1633-1694. _tGeistliche Sonnette. |
| 655 | 7 |
_aElectronic books. _2local |
|
| 710 | 2 |
_aProject Muse. _edistributor |
|
| 830 | 0 |
_aUniversity of North Carolina studies in the Germanic languages and literatures ; _vno. 83. |
|
| 830 | 0 | _aBook collections on Project MUSE. | |
| 856 | 4 | 0 |
_zFull text available: _uhttps://muse.jhu.edu/book/75736/ |
| 999 |
_c26735 _d26735 |
||